Luxemburg Quiz - Statistiken

Allgemein
  • Dieses Quiz wurde 46 mal gespielt
  • Das Durchschnittsergebnis liegt bei 11 aus 24
Antwortstatistiken
Hint Antwort % Korrekt
Welche Währung benutzt Luxemburg? Euro
100%
Was ist die Hauptstadt von Luxemburg? Luxemburg
100%
Wie heißt die Nationalsprache Luxemburgs? Luxemburgisch
86%
Nenne 2 Nachbarländer von Luxemburg Deutschland Frankreich Belgien
83%
Sind Luxemburger rassistisch? Absolut
79%
Welche Farben hat die luxemburgische Flagge? Rot,Weiss, Blau
67%
Welche Amtssprachen (neben der Nationalsprache) gibt es in Luxemburg? FranzösischDeutsch
62%
Wie heißt der aktuelle Großherzog oder die aktuelle Großherzogin von Luxemburg? Henri
48%
Mit was kann man ab 7Uhr morgens im Süden und Zentrum von Luxemburg auf den Strassen rechnen? Stau
45%
Wie heisst die luxemburgische Airline? Luxair
43%
Welches ist das Nationaltier von Luxemburg? Roude Léiw (houren Déiw) Roter Löwe
40%
Wie heisst die kostenlose Strassenbahn die durch Luxemburg-Stadt fährt? Tram
40%
Wofür ist Luxemburg weltweit bekannt? Geld
36%
Nenne eine bekannte Konzerthalle in Luxemburg Atelier,Rockhal
33%
Wie heisst der aktuelle Premierminister von Luxemburg? (2025) Luc Frieden
31%
Wie heisst das Event das jeden Sommer über 2 Monate in Luxemburg-Stadt stattfindet? Schueberfouer
31%
Wie heisst die luxemburgische Molkerei und Milchverarbeitungsgenossenschaft? Luxlait
29%
Wie heißt die Nationalhymne Luxemburgs? Ons Heemecht
29%
Wie heisst der bekannteste See Luxemburgs? Stauséi (Stausee)
29%
Wie heisst Luxemburgs ikonischer homosexueller Ex-Premierminister? Xavier Bettel
29%
Welches ist das luxemburgische Nationalgericht? Judd mat Gaardebounen (geräuchertes Schweinefleisch mit Saubohnen)
21%
Wer ist der bekannteste Rapper Luxemburgs? Bazooka Brooze
19%
Wo ist die bekannteste Universität Luxemburgs? Belval
17%
Nenne eins der 2 "Feste" die jedes Jahr am gleichen Wochenende im August stattfindet ElakePicadilly
12%
Keine übereinstimmenden Quizze gefunden
Verteilung der Resultate
Anzahl Personen mit jedem Resultat
Perzentil nach korrekt beantworteten Fragen
Ihre Resultats-Entwicklung
Sie haben dieses Quiz noch nicht gespielt